Αντι-κείμενα σεξουαλικότητας : κριτικές θεωρίες, διεπιστημονικές αναγνώσεις

Saved in:
Bibliographic Details
Other Authors: Αβραμοπούλου, Ειρήνη (edtf), Χαλκίδου, Ασπασία (edtf)
Format: Book
Language:Greek
Published: Αθήνα : Τόπος, c2022.
Series:Επιστημονικές εκδόσεις (Τόπος)
Subjects:
Tags: Add Tag
No Tags, Be the first to tag this record!

MARC

LEADER 00000nam a2200000 a 4500
001 1/125944
008 230120s2022####gr | ||| |||| ||gre||
020 |a 9789604994229  
040 |a GR-MyUa  |b gre  |c GR-MyUa  |e AACR2 
041 1 |a gre 
082 7 |a 306.7   |2 (23) 
245 0 0 |a Αντι-κείμενα σεξουαλικότητας :   |b κριτικές θεωρίες, διεπιστημονικές αναγνώσεις /   |c επιστημονική επιμέλεια-εισαγωγή Ειρήνη Αβραμοπούλου, Άσπα Χαλκίδου.  
260 |a Αθήνα :   |b Τόπος,   |c c2022.  
300 |a 388 σ. ;   |c 24 εκ.  
490 1 |a (Επιστημονικές εκδόσεις)  
504 |a Βιβλιογραφία: σ. 385-388.  
650 0 |a Sex  |x Social aspects. 
650 0 |a Homosexuality 
650 0 |a Sex 
650 0 |a Bisexuality 
650 0 |a Sexual ethics 
700 1 |a Αβραμοπούλου, Ειρήνη,  |e edtf 
700 1 |a Χαλκίδου, Ασπασία,  |e edtf 
830 0 |a Επιστημονικές εκδόσεις (Τόπος) 
852 |a INST  |b LESVOS  |c EUDOXUS  |e 20230120  |h 306.7 ΑΝΤ  |p 005100064861  |q 005100064861  |t EDX  |y 0 
920 |a Εύδοξος  |b Παραγγελία  |y Λέσβος-ΤΚΑΙ  |z 2023-01 
970 |a Καμάτσου  |b Δέσποινα  |z 20-01-2023